000 00449nam a2200157 4500
001 128068
003 ES-MaACL
005 20230906193143.0
007 t|
008 070214s1971 sp r ||||1| spa d
100 1 _aRipoll, Luis.
_997431
245 1 0 _aPrimeras letras mallorquinas /
_cLuis Ripoll.
260 _aPalma de Mallorca :
_b[s.n.],
_c1971 (
_fImp. Alcover)
300 _a342 p. :
_bil. ;
_c21 cm.
852 _aES-MaACL
_jC-41983
_bR.77694
999 _c128068
_d128068